00702 a2200181 45000010006000000050017000060080041000230030015000640400040000790800039001192450047001582640032002053000019002375050185002561000023004417000026004647000030004903028520260407155614.0260407a1978 arg spa dAR-UNSa-BCEJYS aAR-UNSa-BCEJYSbspacAR-UNSa-BCEJYS a657.6xAuditoria (control interno)10aAuditoría compendio de casos prácticos 1aBuenos Aires :bTesisc1978 a238 p.c22 cm. a1. Normas de auditoría interna - 2. Normas de auditoría generalmente aceptadas - 3. Papeles de trabajo - 4. Control interno - 5. Planificación de la auditoría y Otros......1 aElizalde, Oscar E.1 aMartinez, Ada Beatriz1 aBaños, Osvaldo Héctor